• 首页
  • 本馆介绍
  • 公告通知
  • 最新文献
  • 馆藏检索
  • 电子资源
  • 读者荐购
  • 参考咨询
  • CALIS
  • 我的图书馆
  • 登录
  • 详细信息显示
  • 放入我的书架
  • 预约/预借图书
  • 作者相关作品
  • 分类相关作品
  • 丛书相关作品
  • 出版社相关作品

书目信息

  • 表格格式
  • 工作单格式
  • 卡片格式
题名:
创富英豪:33位世界富豪的创业启示
    
 
作者: 马昆 著
分册:  
出版信息: 北京   中国社会科学出版社  2000.08
页数: 353页
开本: 32开
丛书名:
单 册:
中图分类: F279.1
科图分类:
主题词: 企业经济
电子资源:
ISBN: 7-5004-2802-2
 
 
 
 
 
000 00589nam0 2200193 45
001 0011181592
005 20010414090931.3
010    @a7-5004-2802-2@d35.20元
100    @a20001118d2000 km y0chiy0120 ea
101 0  @achi
105    @a z 000yy
200 1  @a创富英豪:33位世界富豪的创业启示@AChuang Fu Ying Hao:33 Wei Shi Jie Fu Hao De Chuang Ye Qi Shi@f马昆著@FMa Kun Zhu
210    @a北京@c中国社会科学出版社@d2000.08
215    @a353页@d32开
606 0  @a企业经济
690    @aF279.1@v3
701  0 @a马昆@4著
801    @aCN@bPftUser@c20001118
905    @dF279.1@eM.760:2@b338229-230@f2
    
    创富英豪:33位世界富豪的创业启示/马昆著.-北京:中国社会科学出版社,2000.08
    353页;32开
    
    
    ISBN 7-5004-2802-2:35.20元
    
●
相关链接 在E读中查询图书 在当当中查询图书 在豆瓣中查询图书


正题名:创富英豪:33位世界富豪的创业启示     索取号:F279.1/M.760:2         预约/预借

序号 登录号 条形码 馆藏地/架位号 状态 备注
1 338229   203382295   社科库409/409社科库 97排2列2层/ [索取号:F279.1/M.760:2] 在馆    
2 338230   203382302   社科库409/ [索取号:F279.1/M.760:2] 在馆    
河南城建学院图书馆 欢迎您!
大连网信软件有限公司© 版权所有